000 00788nam a22001817a 4500
999 _c80645
_d80645
008 201130b ||||| |||| 00| 0 eng d
040 _bger
_cSTAFF
_erda
_aSTAFF
041 _ager
100 _aMahlke, Lisa:
245 _aChaos bei Terminvergabe hält an.
_bCorona: Vor Ort sei die Organisation fürs Impfen super, erzählt ein Frankfurter. Doch die eigentliche Hürde für viele lautet: Wie bekomme ich im Impfzentrum in den Messehallen überhaupt einen Termin?
_cLisa Mahlke
653 _aFrankfurt (Oder)
653 _aPandemie / Covid 19
773 _dFrankfurt (Oder): Märkisches Verlags- und Druckhaus GmbH & Co KG
_g32. Jahrgang (2021) Nr. 22 vom 27.01.2021, S. 13
_tMärkische Oderzeitung
942 _cA